| 000 | 02442nac a22003491u 4500 | ||
|---|---|---|---|
| 010 | _a 2007006058 | ||
| 020 | _a9780415421133 (hardback) | ||
| 020 | _a0415421136 (hardback) | ||
| 020 | _a9780415421140 (pbk.) | ||
| 020 | _a0415421144 (pbk.) | ||
| 020 | _a9780203944691 (ebook) | ||
| 020 | _a0203944690 (ebook) | ||
| 082 | 0 | 0 |
_a327.112 _bPOW |
| 090 |
_c8841 _d8841 |
||
| 100 | _a20080729 | ||
| 245 | 0 | 0 |
_aPower in world politics / _cedited by Felix Berenskoetter and M. J. Williams. |
| 260 |
_aNew York : _bRoutledge,2007 _c2007. |
||
| 300 |
_a316p.; _c24cm. |
||
| 500 | _adistributer: Baccah | ||
| 504 | _aIncludes bibliographical references and index. | ||
| 505 | 0 | _aThinking about power / Felix Berenskoetter -- The concept of power : a constructivist analysis / Stefano Guzzini -- Realist conceptions of power / Brian C. Schmidt -- Structural realism and the problem of polarity and war / Joseph M. Grieco -- Power and the battle for hearts and minds : on the bluntness of soft power / Steven Lukes -- Why "soft power" isn't so soft : representational force and attraction in world politics / Janice Bially Mattern -- The power of persuasion / Richard Ned Lebow -- Contested credibility : symbolic power in British exchange rate politics / Wolf Hassdorf -- Notes on a soft power research agenda / Joseph S. Nye, Jr. -- Reflecting on normative power Europe / Thomas Diez, Ian Manners -- Empowerment among nations : a sociological perspective / Erik Ringmar -- Levels, spaces and forms of power : analyzing opportunities for change / John Gaventa -- On the transformational potential of global civil society / Ronnie D. Lipschutz -- Discourses of power : traversing the realist-postmodern divide / Jennifer Sterling-Folker, Rosemary E. Shinko -- Theory meets practice : facets of power in the war on terror / M. J. Williams. | |
| 511 | _acatalogued by: wessam | ||
| 650 | 0 | _aBalance of power. | |
| 650 | 0 | _aWorld politics. | |
| 650 | 0 | _aInternational relations. | |
| 700 | 1 | _aBerenskoetter, Felix. | |
| 700 | 1 |
_aWilliams, Michael J., _cDr. |
|
| 856 | 4 | 1 |
_3Table of contents only _uhttp://www.loc.gov/catdir/toc/ecip0711/2007006058.html |
| 856 | 4 | 1 |
_3Publisher description _uhttp://www.loc.gov/catdir/enhancements/fy0731/2007006058-d.html |
| 942 |
_cBB _k327.112POW |
||
| 999 |
_c8841 _d8841 |
||